Бичь Франции или Коварная и вероломная система правления нынешняго повелителя французов, описанная очевидным наблюдателем. (Запись № 10048938)

Подробности
000 -МАРКЕР
контрольное поле 03562nam0a22005051 4500
001 - ИДЕНТИФИКАТОР ЗАПИСИ
контрольное поле RU\NLR\A1DV\30002
005 - ИДЕНТИФИКАТОР ВЕРСИИ
контрольное поле 20260406140242.0
035 ## - ДРУГИЕ СИСТЕМНЫЕ НОМЕРА
Идентификатор записи (NLR Aleph) 010777118
100 ## - ДАННЫЕ ОБЩЕЙ ОБРАБОТКИ
Данные общей обработки 20010609d1814 m y0rusy50 ca
101 1# - ЯЗЫК РЕСУРСА
Язык текста, звукозаписи и т.д. русский
Язык оригинала немецкий
102 ## - СТРАНА ПУБЛИКАЦИИ ИЛИ ПРОИЗВОДСТВА
Страна публикации российская федерация
140 ## - ПОЛЕ КОДИРОВАННЫХ ДАННЫХ: СТАРОПЕЧАТНЫЕ ИЗДАНИЯ - ОБЩАЯ ИНФОРМАЦИЯ
Кодированные данные о старопечатном издании - Основные y hg ezz yaa0000
200 1# - ЗАГЛАВИЕ И СВЕДЕНИЯ ОБ ОТВЕТСТВЕННОСТИ
Основное заглавие Бичь Франции или Коварная и вероломная система правления нынешняго повелителя французов, описанная очевидным наблюдателем.
205 ## - СВЕДЕНИЯ ОБ ИЗДАНИИ
Сведения об издании Издание второе.
Дополнительные сведения об издании С присовокуплением портрета Бонапарта и гравированнаго его изображения, и с прибавлением новой статьи: Трон и алтарь Бонапартом возстановленные
210 ## - ПУБЛИКАЦИЯ, РАСПРОСТРАНЕНИЕ И ДР.
Место издания, распространения и т.д. Санктпетербург
Имя издателя, распространителя и т. д. в Медицинской типографии
Дата издания, распространения и т.д. 1814
215 ## - ФИЗИЧЕСКАЯ ХАРАКТЕРИСТИКА
Специфическое обозначение материала и объем [6], 126, [4], 33, [3], 9, [1] с., [1] л. ил.
Размеры
300 ## - ОБЩИЕ ПРИМЕЧАНИЯ
Текст примечания Ценз.: Г.М. Яценков, 19 дек. 1813 г.
300 ## - ОБЩИЕ ПРИМЕЧАНИЯ
Текст примечания Загл. ориг.: Beiträge zur Charakteristik der französischen Staats Verfassung und Staatsverwaltung wärend der Epoche Bonapartes
300 ## - ОБЩИЕ ПРИМЕЧАНИЯ
Текст примечания Имеются подстроч. примеч.
300 ## - ОБЩИЕ ПРИМЕЧАНИЯ
Текст примечания Фронт.: карикатура на Наполеона. Резц. грав.
300 ## - ОБЩИЕ ПРИМЕЧАНИЯ
Текст примечания Ст. "Трон и алтарь..." и "Портрет Бонапарта" имеют отд. шмуцтит.
300 ## - ОБЩИЕ ПРИМЕЧАНИЯ
Текст примечания На 1-й с. текста загл.: О внутреннем управлении Французской империи
300 ## - ОБЩИЕ ПРИМЕЧАНИЯ
Текст примечания На с.[5-6] предисл. переводчика
300 ## - ОБЩИЕ ПРИМЕЧАНИЯ
Текст примечания С.[1-2] 2-го ряда - чистые
321 1# - ПРИМЕЧАНИЯ ОБ ОТДЕЛЬНО ИЗДАННЫХ УКАЗАТЕЛЯХ / РЕФЕРАТАХ / ССЫЛКАХ, ОТРАЖАЮЩИХ КАТАЛОГИЗИРУЕМЫЙ ДОКУМЕНТ
Примечания об указателях, рефератах, ссылках Рус. аноним. произв. 108
321 1# - ПРИМЕЧАНИЯ ОБ ОТДЕЛЬНО ИЗДАННЫХ УКАЗАТЕЛЯХ / РЕФЕРАТАХ / ССЫЛКАХ, ОТРАЖАЮЩИХ КАТАЛОГИЗИРУЕМЫЙ ДОКУМЕНТ
Примечания об указателях, рефератах, ссылках Рус. кн. 2, 6268/б
321 1# - ПРИМЕЧАНИЯ ОБ ОТДЕЛЬНО ИЗДАННЫХ УКАЗАТЕЛЯХ / РЕФЕРАТАХ / ССЫЛКАХ, ОТРАЖАЮЩИХ КАТАЛОГИЗИРУЕМЫЙ ДОКУМЕНТ
Примечания об указателях, рефератах, ссылках Смирд. 2244
327 0# - ПРИМЕЧАНИЯ О СОДЕРЖАНИИ
Текст примечания Из содерж.: Изъяснение фронтисписа (С.[3-4] ряд 1)
-- Трон и алтарь Бонапартом возстановленные (С.[3-4] ряд 2, 1-33 паг. 2)
-- Портрет Бонапарта (С.[2-3] ряд 3, 1-9 паг. 3)
514 1# - ЗАГЛАВИЕ НА ПЕРВОЙ СТРАНИЦЕ ТЕКСТА
Заглавие на первой странице текста О внутреннем управлении Французской империи
517 1# - ДРУГИЕ ВАРИАНТЫ ЗАГЛАВИЯ
Вариант заглавия Коварная и вероломная система правления нынешняго повелителя французов, описанная очевидным наблюдателем
518 1# - ЗАГЛАВИЕ В СТАНДАРТНОМ СОВРЕМЕННОМ ПРАВОПИСАНИИ
Основное заглавие, вариант заглавия или унифицированное заглавие Бич Франции или Коварная и вероломная система правления нынешнего повелителя французов, описанная очевидным наблюдателем
620 ## - МЕСТО И ДАТА ПУБЛИКАЦИИ, ИСПОЛНЕНИЯ И Т. Д.
Город Санкт-Петербург
700 #1 - ИМЯ ЛИЦА - ПЕРВИЧНАЯ ОТВЕТСТВЕННОСТЬ
Связь между полями z01790
Начальный элемент ввода Фабер
Часть имени, кроме начального элемента ввода Г.Т.
Даты 1768-1847
Расширение инициалов личного имени Готгильф Теодор
Код отношения Автор
702 #0 - ИМЯ ЛИЦА - ВТОРИЧНАЯ ОТВЕТСТВЕННОСТЬ
Материалы, к которым относится поле rus
Графика поля Кириллица
Начальный элемент ввода Наполеон
Дополнения к именам, кроме дат император французский
Римские цифры I
Даты 1769-1821
Идентификатор авторитетной/нормативной записи RU\NLR\AUTH\772913
Системный номер авторитетной/нормативной записи 112920
702 #1 - ИМЯ ЛИЦА - ВТОРИЧНАЯ ОТВЕТСТВЕННОСТЬ
Код отношения Цензор
Графика поля Кириллица
Материалы, к которым относится поле rus
Начальный элемент ввода Яценков
Часть имени, кроме начального элемента ввода Г. М.
Даты 1776-1852
Расширение инициалов личного имени Григорий Максимович
Системный номер авторитетной/нормативной записи 193922
Идентификатор авторитетной/нормативной записи RU\NLR\AUTH\770193973
712 01 - НАИМЕНОВАНИЕ ОРГАНИЗАЦИИ - ВТОРИЧНАЯ ОТВЕТСТВЕННОСТЬ
Код отношения Печатник (типограф)
Начальный элемент ввода Россия
Структурное подразделение Министерство полиции
-- Медицинская типография
Системный номер авторитетной/нормативной записи 711344
Идентификатор авторитетной/нормативной записи RU\NLR\AUTH\880524933
790 #1 - ИМЯ ЛИЦА - АЛЬТЕРНАТИВНАЯ ФОРМА
Связь между полями z01700
Начальный элемент ввода Faber
Часть имени, кроме начального элемента ввода G.T.
Расширение инициалов личного имени Gotthilf Theodor
Код отношения Автор
Графика поля Латинская
801 #0 - ИСТОЧНИК ЗАПИСИ
Страна российская федерация
Организация NLR
Дата составления 20010609
852 ## - МЕСТОНАХОЖДЕНИЕ И ШИФР ХРАНЕНИЯ
Идентификатор организации NLR
Наименование фонда или коллекции (Sub-Location Identifier) 18.72.4.62
852 ## - МЕСТОНАХОЖДЕНИЕ И ШИФР ХРАНЕНИЯ
Идентификатор организации NLR
Наименование фонда или коллекции (Sub-Location Identifier) 125/391
942 ## - ДОПОЛНИТЕЛЬНЫЕ ЭЛЕМЕНТЫ ЗАПИСИ (АБИС)
Тип экземпляра АБИС Книга
980 ## - КОЛЛЕКЦИЯ
Название коллекции Национальная библиография
980 ## - КОЛЛЕКЦИЯ
Название коллекции 19 век (1-я четв.)

Нет доступных экземпляров.